000 00690nam a22002177a 4500
999 _c63659
_d63659
005 20240530110652.0
008 171216s2016 ua g 000 f ara d
017 _a2016/2480
_bمصر. دار الكتب
020 _a9789777950442
040 _aEG-CaGPL
_cEG-CaGPL
082 0 4 _221
_a813.03\
_bم ف
100 0 _aمكاوى سعيد
245 1 0 _aفئران السفينة /
_cمكاوى سعيد .
250 _aط.1
260 _aالقاهرة:
_bالدار المصرية اللبنانية .
_c2016.
300 _a231 ص. ؛
_c20 سم.
650 0 7 _2qrmak
_aالقصص العربية
651 _2qrmak
942 _2ddc
_cBK